Campus Herald : Closing the gaps between Student's, Lecturers and Management 2004/2005 (Record no. 36649)

MARC details
000 -LEADER
fixed length control field 00664nam a2200157 a 4500
008 - FIXED-LENGTH DATA ELEMENTS--GENERAL INFORMATION
fixed length control field 120416s2005 ||||||||||||||||| || u
050 ## - LIBRARY OF CONGRESS CALL NUMBER
Classification number CBU (05)CH/2005
245 10 - TITLE STATEMENT
Title Campus Herald : Closing the gaps between Student's, Lecturers and Management 2004/2005
Statement of responsibility, etc. By The Copperbelt University(CBU)
246 ## - VARYING FORM OF TITLE
Title proper/short title Copperbelt University, Campus Herald
250 ## - EDITION STATEMENT
Edition statement 2005
260 ## - PUBLICATION, DISTRIBUTION, ETC.
Place of publication, distribution, etc. Kitwe
Name of publisher, distributor, etc. Copperbelt University
Date of publication, distribution, etc. 2005
300 ## - PHYSICAL DESCRIPTION
Extent 22 pages : illustrtions
350 ## - PRICE (NR) (BK AM CF MU VM SE) [OBSOLETE]
Price 0.00
650 ## - SUBJECT ADDED ENTRY--TOPICAL TERM
Topical term or geographic name entry element COPPERBELT UNIVERSITY--PERIODICALS
995 ## - RECOMMENDATION 995 [LOCAL, UNIMARC FRANCE]
-- 0.00
-- CBU-MAIN LIBRARY (Kitwe)
-- 1
-- 0.00
-- 1
-- AVAILABLE
-- International Publications
Holdings
Withdrawn status Lost status Source of classification or shelving scheme Damaged status Not for loan Home library Current library Shelving location Date acquired Total Checkouts Full call number Barcode Date last seen Price effective from Koha item type
          CBU-MAIN LIBRARY, KITWE. CBU-MAIN LIBRARY, KITWE.   11/30/2022   CBU (05)CH/2005 B4997 11/30/2022 11/30/2022 MONOGRAPH